000 00352nam a2200145Ia 4500
008 100122s9999 xx 000 0 und d
082 _b10925
_a923.145
100 _aMUSSOLINI BENITO
245 _aMY AUTOBIOGRAPHY
260 _bPATERNOSTER ROW
_c1937
300 _a292
630 _aMY AUTOBIOGRAPHY
730 _aMY AUTOBIOGRAPHY
942 _cBOOK
999 _c444188
_d444185